Statistics for Biggest Cities in New York State

Click here to take the quiz!

General Stats

  • This quiz has been taken 28,372 times
    (22,821 since last reset)
  • The average score is 6 of 15

Answer Stats

Population City % Correct
8,622,698New York City
99%
98,251Albany
82%
258,612Buffalo
79%
208,046Rochester
58%
143,396Syracuse
58%
202,019Yonkers
35%
60,635Utica
26%
45,179Binghamton
21%
59,047White Plains
20%
48,460Niagara Falls
20%
65,625Schenectady
19%
49,565Troy
16%
79,946New Rochelle
14%
68,703Mount Vernon
8%
55,806Hempstead
8%

Score Distribution

Percentile by Number Answered

Percent of People with Each Score

Your Score History

You have not taken this quiz since the last reset